000 00606nam a2200181 i 4500
001 119876
003 ES-MaACL
005 20250808081322.0
007 t|
008 070214s1941 sp r ||||1| spa d
100 1 _aPérez del Río y Valdepares, Luis.
_990824
245 1 0 _aDerecho administrativo
_b: obra adaptada al programa de registros /
_credactada por Luis Pérez del Río y Valdepares.
260 _aMadrid :
_bReus,
_c1941.
300 _a73 p. ;
_c23 cm.
650 7 _aDerecho administrativo-
_zEspaña
_2
_9145992
852 _aES-MaACL
_j1830-F-1
_bR.18745
999 _c119876
_d119876